Lizzy's legacy: (Record no. 12119)
[ view plain ]
| 000 -LEADER | |
|---|---|
| fixed length control field | 00713 a2200217 4500 |
| 010 ## - LIBRARY OF CONGRESS CONTROL NUMBER | |
| LC control number | ENG-90119 |
| 020 ## - INTERNATIONAL STANDARD BOOK NUMBER | |
| International Standard Book Number | 8183684934 |
| Terms of availability | 150.00 |
| 035 ## - SYSTEM CONTROL NUMBER | |
| System control number | EN-73652 |
| 037 ## - SOURCE OF ACQUISITION | |
| Source of stock number/acquisition | DBAD / PUB |
| 082 14 - DEWEY DECIMAL CLASSIFICATION NUMBER | |
| Classification number | N |
| 090 ## - LOCALLY ASSIGNED LC-TYPE CALL NUMBER (OCLC); LOCAL CALL NUMBER (OCLC) | |
| -- | 12477 |
| -- | 12477 |
| 100 1# - MAIN ENTRY--PERSONAL NAME | |
| Personal name | Hephzibah Jesudasan |
| 245 1# - TITLE STATEMENT | |
| Title | Lizzy's legacy: |
| Statement of responsibility, etc | by Hephzibah Jesudassan; translated from Tamil by G. Geetha |
| Remainder of title | Putham veedu/ |
| 246 ## - VARYING FORM OF TITLE | |
| Title proper/short title | Putham veedu |
| 260 ## - PUBLICATION, DISTRIBUTION, ETC. (IMPRINT) | |
| Place of publication, distribution, etc | Chennai |
| Name of publisher, distributor, etc | New Horizon Media |
| Date of publication, distribution, etc | 2007 |
| 270 ## - ADDRESS | |
| Address | 33 / 15, Eldams Road |
| City | Chennai |
| Postal code | 600 018 |
| 300 ## - PHYSICAL DESCRIPTION | |
| Extent | 168p. |
| Dimensions | 22 cm (pbk) |
| 490 ## - SERIES STATEMENT | |
| Series statement | Indian Writing ; 17 |
| 942 ## - ADDED ENTRY ELEMENTS (KOHA) | |
| Institution code [OBSOLETE] | dpl |
| Koha item type | English Books |
| Call number prefix | N / HEP |
| Withdrawn status | Lost status | Source of classification or shelving scheme | Damaged status | Not for loan | Collection code | Home library | Current library | Source of acquisition | Cost, normal purchase price | Total Checkouts | Full call number | Barcode | Date last seen | Copy number | Uniform Resource Identifier | Cost, replacement price | Price effective from | Koha item type |
|---|---|---|---|---|---|---|---|---|---|---|---|---|---|---|---|---|---|---|
| Dewey Decimal Classification | Not For Loan | Fiction | D.B.Act.Division | D.B.Act.Division | DBAD/PUB | 150.00 | N | EN-73652 | 15/09/2008 | 1 | 13275 | 150.00 | 15/09/2008 | English Books |
